Практикум по органической химии. Ч. 1 : Методы очистки и идентификации органических соединений: учебное пособие
| Main Author: | |
|---|---|
| Other Authors: | |
| Summary: | Заглавие с титульного экрана Пособие предназначено для студентов университета химических специальностей для лабораторных занятий по курсу «Органическая химия». Практикум содержит основные сведения о технике безопасности при работе в химической лаборатории, методах выделения, очистки и определения физических констант Режим доступа: из корпоративной сети ТПУ |
| Language: | Russian |
| Published: |
Томск, Изд-во ТПУ, 2010
|
| Subjects: | |
| Online Access: | http://www.lib.tpu.ru/fulltext2/m/2009/m127.pdf |
| Format: | MixedMaterials Electronic Book |
| KOHA link: | https://koha.lib.tpu.ru/cgi-bin/koha/opac-detail.pl?biblionumber=172042 |
MARC
| LEADER | 00000nam0a2200000 4500 | ||
|---|---|---|---|
| 001 | 172042 | ||
| 005 | 20250609144249.0 | ||
| 035 | |a (RuTPU)RU\TPU\book\186521 | ||
| 090 | |a 172042 | ||
| 100 | |a 20091210d2010 m y0rusy50 ca | ||
| 101 | 0 | |a rus | |
| 102 | |a RU | ||
| 105 | |a a j 001zy | ||
| 135 | |a vrcn ---uucaa | ||
| 181 | 0 | |a i | |
| 182 | 0 | |a b | |
| 200 | 1 | |a Практикум по органической химии. Ч. 1 : Методы очистки и идентификации органических соединений |e учебное пособие |f Р. Я. Юсубова, М. С. Юсубов |g Национальный исследовательский Томский политехнический университет (ТПУ) | |
| 203 | |a Текст |c электронный | ||
| 210 | |a Томск |c Изд-во ТПУ |d 2010 | ||
| 300 | |a Заглавие с титульного экрана | ||
| 330 | |a Пособие предназначено для студентов университета химических специальностей для лабораторных занятий по курсу «Органическая химия». Практикум содержит основные сведения о технике безопасности при работе в химической лаборатории, методах выделения, очистки и определения физических констант | ||
| 333 | |a Режим доступа: из корпоративной сети ТПУ | ||
| 337 | |a Adobe Reader | ||
| 606 | 1 | |a Органическая химия |2 stltpush |3 (RuTPU)RU\TPU\subj\47309 |9 66362 | |
| 606 | 1 | |a Лабораторная химия |2 stltpush |3 (RuTPU)RU\TPU\subj\70426 |9 84687 | |
| 610 | 1 | |a лабораторные практикумы | |
| 610 | 1 | |a органический синтез | |
| 610 | 1 | |a организация работы | |
| 610 | 1 | |a химические реакции | |
| 610 | 1 | |a химические реагенты | |
| 610 | 1 | |a методы очистки | |
| 610 | 1 | |a труды учёных ТПУ | |
| 610 | 1 | |a учебные пособия | |
| 610 | 1 | |a электронный ресурс | |
| 675 | |a 547(076.5) |v 3 | ||
| 675 | |a 542(076.5) |v 3 | ||
| 700 | 1 | |a Юсубова |b Р. Я. |c химик |c доцент Томского политехнического университета, кандидат химических наук |f 1964- |g Роза Явидовна |9 13019 | |
| 701 | 1 | |a Юсубов |b М. С. |c химик |c профессор Томского политехнического университета, доктор химических наук |f 1961- |g Мехман Сулейман-оглы (Сулейманович) |9 13020 | |
| 801 | 2 | |a RU |b 63413507 |c 20161111 |g RCR | |
| 850 | |a 63413507 | ||
| 856 | 4 | |u http://www.lib.tpu.ru/fulltext2/m/2009/m127.pdf | |
| 942 | |c CF | ||